000 00834cam a2200265 i 4500
001 413887
003 GBCCL
005 20241126110336.0
008 800802s1980 cau b 000 0 eng
010 _a 80123568
020 _a0830707336 :
_c$3.95
040 _aDLC
_cDLC
_dDLC
050 0 0 _aBV4501.2
_b.A883 1980
082 0 0 _a248.4897
_219
_bAUG
100 1 _aAugsburger, David W.
_9419
245 1 0 _aCaring enough to confront /
_cDavid Augsburger.
250 _aRev. ed.
260 _aGlendale, Calif. :
_bG/L Regal Books,
_cc1980, 1981.
300 _a142 p. ;
_c21 cm.
504 _aIncludes bibliographical references.
650 0 _aChristian life
_xMennonite authors.
_9420
650 0 _aInterpersonal conflict
_xReligious aspects
_xChristianity.
_9421
906 _a7
_bcbc
_corignew
_d2
_encip
_f19
_gy-gencatlg
942 _2ddc
_cBK
999 _c353
_d353